| 000 | 00770nam a2200229 a 4500 | ||
|---|---|---|---|
| 001 | 13093 | ||
| 003 | BD-JhCC | ||
| 005 | 20230710091330.0 | ||
| 008 | 171115s20172019bg |||| |||| 00| 0 ben d | ||
| 035 | _a(BD-JhCC)13093 | ||
| 040 |
_aBD-JhCC _dBD-JhCC |
||
| 041 | _aben | ||
| 082 |
_a923 _bKHA 2019 |
||
| 100 | _aইসলাম, কামরুল | ||
| 245 |
_aআধুনিক বাঙালি রামমোহন রায় / _cকামরুল ইসলাম |
||
| 260 |
_aঢাকা : _bচিত্র প্রকাশনী, _c২০১৯ |
||
| 300 |
_a২০৩ পৃ. : _c২১ সেমি.. |
||
| 504 | _aনির্ঘন্ট অন্তভূক্ত। | ||
| 600 | _aRoy, Rammahan | ||
| 650 | _aBiography | ||
| 942 |
_2ddc _cBK |
||
| 999 |
_c13093 _d13093 |
||